Statistiques concernant Les villes de France de plus de 90 000 habitants -nouveau recensement

Cliquez ici pour prendre le quiz!

Statistiques générales

  • Ce quiz a été pris 169 fois
  • Le résultat moyen est 33 sur 50

Statistiques - réponses

Régionnombre d'habCommune% Correct
Auvergne-Rhône-Alpes522 250Lyon
99%
PACA873 076Marseille
99%
Ile-de-France2 133 111Paris
99%
PACA348 085Nice
98%
Hauts-de-France236 710Lille
97%
Nouvelle-Aquitaine261 804Bordeaux
96%
Occitanie504 078Toulouse
95%
Grand-Est291 313Strasbourg
94%
Pays-de-la-Loire323 204Nantes
92%
Bretagne225 081Rennes
90%
Occitanie302 454Montpellier
89%
Bretagne139 619Brest
87%
Auvergne-Rhône-Alpes147 327Clermont-Ferrand
81%
Bourgogne-Franche-Comté159 346Dijon
81%
PACA180 452Toulon
81%
Normandie166 058Le Havre
79%
Auvergne-Rhône-Alpes157 477Grenoble
78%
DROM COM154 765Saint-Denis
76%
Ile-de-France113 942Saint-Denis
76%
Pays-de-la-Loire157 175Angers
75%
Auvergne-Rhône-Alpes172 718Saint-Etienne
75%
Normandie108 200Caen
73%
Grand-Est120 874Metz
73%
Grand-Est104 260Nancy
73%
Grand-Est179 380Reims
70%
PACA147 478Aix-en-Provence
69%
Normandie114 083Rouen
69%
Centre-Val-de-Loire116 617Orléans
63%
Centre-Val-de-Loire137 658Tours
63%
Pays-de-la-Loire145 004Le Mans
61%
Occitanie148 104Nîmes
61%
Occitanie119 656Perpignan
61%
Auvergne-Rhône-Alpes156 928Villeurbanne
60%
Hauts-de-France133 625Amiens
58%
Grand-Est106 341Mulhouse
56%
Bourgogne-Franche-Comté119 198Besançon
54%
Nouvelle-Aquitaine129 760Limoges
51%
Nouvelle-Aquitaine90 240Poitiers
47%
Hauts-de-France98 892Roubaix
47%
Ile-de-France119 808Boulogne-Billancourt
44%
Auvergne-Rhône-Alpes131 715Annecy
43%
PACA90 330Avignon
41%
Hauts-de-France99 011Tourcoing
38%
Ile-de-France92 989Créteil
33%
Ile-de-France97 351Nanterre
32%
Ile-de-France111 455Montreuil
30%
Ile-de-France107 221Argenteuil
27%
Ile-de-France90 071Aubervilliers
24%
DROM COM105 240Saint-Paul
22%
Ile-de-France96 205Vitry-sur-Seine
15%

Distribution des résultats

Percentile par nombre de réponses

% des personnes avec chaque résultat

Votre développement - résultats

Vous n’avez pas pris ce quiz